000 00985cam a22002652 4500
001 0000003513
005 20151217155823.0
008 070508s xx 000 0 eng d
020 _cKES 150
040 _aKABU
_cKABU
050 0 _aLA1561
_b.K46 1964
110 2 _aKenya.
_bCommittee of Enquiry into education in Kenya.
_@0000153487
245 1 0 _aKenya education commission report.
260 _aNairobi :
_bGovt. Printers,
_c1964.
300 _a2 parts.
500 _aParts I & II published in 1964 and 1965 respectively.
650 0 _aEducation
_zKenya
_xHistory.
_@0000153483
700 1 _aOminde, S. H.
_@0000153488
852 1 _9p150 KES
852 1 _9p150 KES
908 _a070508
950 _@1
999 _c12871
_d12871